The pastor-preacher. (Record no. 16687)

000 -LEADER
fixed length control field 00482nam a2200169 a 4500
001 - CONTROL NUMBER
control field :::00019869$&:&@@
003 - CONTROL NUMBER IDENTIFIER
control field OkBaRHE
005 - DATE AND TIME OF LATEST TRANSACTION
control field 20011106151443.0
008 - FIXED-LENGTH DATA ELEMENTS--GENERAL INFORMATION
fixed length control field s1910 j 000 0 eng u
040 ## - CATALOGING SOURCE
Transcribing agency
100 1# - MAIN ENTRY--PERSONAL NAME
Personal name Quayle, William A.
245 14 - TITLE STATEMENT
Title The pastor-preacher.
260 ## - PUBLICATION, DISTRIBUTION, ETC. (IMPRINT)
Place of publication, distribution, etc Cincinnati, OH
Name of publisher, distributor, etc Jennings & Graham
Date of publication, distribution, etc 1910
300 ## - PHYSICAL DESCRIPTION
Extent 411 p.
942 ## - ADDED ENTRY ELEMENTS (KOHA)
Source of classification or shelving scheme
Koha item type Books
Copies
Copy number Koha item type Shelving location Date acquired Not for loan Price effective from Barcode Date last seen Source of classification or shelving scheme Full call number Withdrawn status Damaged status Permanent Location Lost status
1BooksGeneral Stacks2010-04-14 2010-04-14198692010-04-14 BV 4211 .Q8  RHEMA Bible Training College